000
00249 a2200109 4500
090
_c
4410
_d
4410
100
_a
Micheal Osborn
245
_a
Public Speaking
250
_a
3rd Ed
260
_a
A.I.T.B.S.Pub
_b
Delhi
_c
1998
942
_a
NBS
_c
BK
_k
808.51 OSB
999
_c
346854
_d
346854